[Event "8th Asia-ch"]
[Site "Subic Bay Free Port PHI"]
[Date "2010.04.26"]
[Round "6"]
[White "Nguyen Huynh Minh Huy"]
[Black "Gupta, Abhijeet"]
[Result "0-1"]
[WhiteElo "2469"]
[BlackElo "2560"]
[EventDate "2010.04.21"]
[PlyCount "136"]

1.d4 Nf6 2.Nf3 g6 3.c4 Bg7 4.Nc3 d5 5.Bf4 O-O 6.e3 c5 7.dxc5 Qa5 8.Rc1 
dxc4 9.Bxc4 Qxc5 10.Bb3 Qa5 11.O-O Nc6 12.h3 Bf5 13.Qe2 Ne4 14.Nxe4 Bxe4 
15.Nd2 Bd5 16.Bxd5 Qxd5 17.Nb3 Rfd8 18.Rfd1 Qe4 19.a3 Qf5 20.g4 Qc8 21.
Rxd8+ Qxd8 22.Nc5 Ne5 23.Nxb7 Qd3 24.Qxd3 Nxd3 25.Rc7 Nxf4 26.exf4 Bxb2 
27.a4 Ba3 28.Rc3 Bb4 29.Rc7 a5 30.Kg2 Ra6 31.Nd8 Kf8 32.Rc4 Ke8 33.Nc6 Bd6
34.Kf3 Kd7 35.Ne5+ Bxe5 36.fxe5 Rc6 37.Rd4+ Ke6 38.Ke4 g5 39.f4 gxf4 40.
Kxf4 h6 41.h4 Rc1 42.h5 Rf1+ 43.Kg3 Rg1+ 44.Kf4 Rc1 45.Re4 Kd5 46.Re2 Ra1 
47.Rd2+ Ke6 48.Rd4 Rf1+ 49.Kg3 Kxe5 50.Rd7 e6 51.Ra7 Ke4 52.Rxa5 Rg1+ 53.
Kf2 Rxg4 54.Rb5 Rg8 55.a5 Ra8 56.Kg3 Ra6 57.Rb4+ Kd5 58.Rb7 f6 59.Rh7 Ke5 
60.Rxh6 Rxa5 61.Rh8 Kf5 62.h6 Ra3+ 63.Kg2 Ra7 64.Kf3 e5 65.Ke3 Ra3+ 66.Kf2
Rh3 67.Kg2 Rh5 68.Kf3 Kg6 0-1

[Event "8th Asia-ch"]
[Site "Subic Bay Free Port PHI"]
[Date "2010.04.26"]
[Round "6"]
[White "Megaranto, Susanto"]
[Black "Golizadeh, Asghar"]
[Result "1/2-1/2"]
[WhiteElo "2527"]
[BlackElo "2454"]
[EventDate "2010.04.21"]
[PlyCount "87"]

1.e4 c5 2.Nf3 g6 3.Nc3 Bg7 4.h4 h5 5.Bc4 Nc6 6.d3 Nf6 7.Bg5 d6 8.Qd2 Bg4 
9.Nh2 Bd7 10.Bb5 Qa5 11.O-O Ng4 12.Nd5 Qxd2 13.Bxd2 Rb8 14.Rab1 Nd4 15.
Bxd7+ Kxd7 16.c3 Nc6 17.Rfd1 b5 18.Nf1 e6 19.Nf4 Bf6 20.f3 Nge5 21.Be1 g5 
22.hxg5 Bxg5 23.Ne2 Ng6 24.d4 c4 25.Bd2 Bxd2 26.Rxd2 Nce7 27.b3 Rhc8 28.
Rdb2 a6 29.bxc4 Rxc4 30.Ne3 Rc7 31.a4 Rcb7 32.axb5 Rxb5 33.Rxb5 Rxb5 34.
Rxb5 axb5 35.Kh2 Nc6 36.Kg3 Ke7 37.d5 Nce5 38.Nd4 h4+ 39.Kf2 b4 40.cxb4 
Nd3+ 41.Kg1 Nxb4 42.dxe6 fxe6 43.g3 hxg3 44.Kg2 1/2-1/2

[Event "8th Asia-ch"]
[Site "Subic Bay Free Port PHI"]
[Date "2010.04.26"]
[Round "6"]
[White "Ghaem Maghami, Ehsan"]
[Black "Nadera, Barlo"]
[Result "1-0"]
[WhiteElo "2575"]
[BlackElo "2405"]
[EventDate "2010.04.21"]
[PlyCount "77"]

1.e4 e6 2.d4 d5 3.Nd2 Nf6 4.e5 Nfd7 5.c3 c5 6.Bd3 Nc6 7.Ne2 Qb6 8.Nf3 cxd4
9.cxd4 f6 10.exf6 Nxf6 11.O-O Bd6 12.Rb1 O-O 13.b4 a6 14.Bf4 Bxf4 15.Nxf4 
Bd7 16.Qd2 Rae8 17.b5 axb5 18.Bxb5 Qa7 19.a4 Ne4 20.Qe3 Re7 21.Nd3 Be8 22.
Rfc1 h6 23.Bxc6 Bxc6 24.Nde5 Be8 25.Qa3 b5 26.Rc8 g5 27.Ra8 Qxa8 28.Qxe7 
Qc8 29.Ng4 Bg6 30.Nfe5 Bh5 31.Nxh6+ Kh8 32.f3 Re8 33.Nhf7+ Kg8 34.Nh6+ Kh8
35.Qb4 Nc3 36.Nhf7+ Kg8 37.Nd6 Qb8 38.Qxc3 Qxd6 39.axb5 1-0

[Event "8th Asia-ch"]
[Site "Subic Bay Free Port PHI"]
[Date "2010.04.26"]
[Round "6"]
[White "Le Quang Liem"]
[Black "Tu Hoang Thong"]
[Result "1-0"]
[WhiteElo "2689"]
[BlackElo "2483"]
[EventDate "2010.04.21"]
[PlyCount "81"]

1.d4 f5 2.g3 Nf6 3.Bg2 g6 4.Nf3 Bg7 5.O-O O-O 6.c4 c6 7.Nc3 Ne4 8.Qc2 Nxc3
9.bxc3 d6 10.e4 Na6 11.Re1 Nc7 12.Qe2 fxe4 13.Qxe4 Be6 14.Qh4 Bxc4 15.Rxe7
Re8 16.Bg5 Rxe7 17.Bxe7 Qd7 18.Re1 h6 19.Bh3 Be6 20.Bxe6+ Nxe6 21.Qg4 Re8 
22.Qxe6+ Qxe6 23.Rxe6 Kf7 24.Rxd6 Kxe7 25.Rxg6 Kf7 26.Rg4 Re2 27.a4 Rc2 
28.Ne5+ Bxe5 29.dxe5 Rxc3 30.Rb4 b6 31.f4 Rd3 32.g4 c5 33.Re4 a6 34.e6+ 
Ke7 35.f5 Rd8 36.h4 Rf8 37.Re5 c4 38.g5 hxg5 39.hxg5 c3 40.f6+ Ke8 41.Re3 
1-0

[Event "8th Asia-ch"]
[Site "Subic Bay Free Port PHI"]
[Date "2010.04.26"]
[Round "6"]
[White "Harika, Dronavalli"]
[Black "Zhang Zhong"]
[Result "1/2-1/2"]
[WhiteElo "2473"]
[BlackElo "2603"]
[EventDate "2010.04.21"]
[PlyCount "72"]

1.Nf3 d6 2.d4 Bg4 3.c4 Nd7 4.Nc3 e5 5.g3 Bxf3 6.exf3 exd4 7.Qxd4 Ngf6 8.
Bg2 Be7 9.O-O O-O 10.b3 c6 11.Bf4 Qa5 12.Qd2 Rfe8 13.Rad1 h6 14.Ne4 Qxd2 
15.Nxf6+ Nxf6 16.Bxd2 Bf8 17.Rfe1 Rxe1+ 18.Bxe1 a5 19.f4 Ne8 20.a3 Be7 21.
b4 axb4 22.axb4 Nc7 23.b5 cxb5 24.cxb5 Nxb5 25.Bxb7 Rb8 26.Bc6 Nc7 27.f5 
Na6 28.Bd2 Bf6 29.Bf4 Be5 30.Be3 Nb4 31.Be4 Na2 32.Rd3 Nc3 33.Bc6 Rb1+ 34.
Kg2 Rd1 35.Rxd1 Nxd1 36.Kf3 Nxe3 1/2-1/2

[Event "8th Asia-ch"]
[Site "Subic Bay Free Port PHI"]
[Date "2010.04.26"]
[Round "6"]
[White "Wang Li"]
[Black "Antonio, Rogelio jr"]
[Result "1/2-1/2"]
[WhiteElo "2383"]
[BlackElo "2572"]
[EventDate "2010.04.21"]
[PlyCount "40"]

1.d4 Nf6 2.c4 e6 3.Nf3 Bb4+ 4.Bd2 Qe7 5.Nc3 b6 6.g3 Bb7 7.Bg2 O-O 8.O-O 
Bxc3 9.Bxc3 Be4 10.Rc1 d6 11.b4 Nbd7 12.Qb3 c6 13.a4 a6 14.Bd2 Rfc8 15.Bf4
h6 16.Rfd1 Nh5 17.Be3 Nhf6 18.Bf4 Nh5 19.Be3 Nhf6 20.Bf4 Nh5 1/2-1/2

[Event "8th Asia-ch"]
[Site "Subic Bay Free Port PHI"]
[Date "2010.04.26"]
[Round "6"]
[White "Nguyen Thanh Son"]
[Black "Laylo, Darwin"]
[Result "1-0"]
[WhiteElo "2440"]
[BlackElo "2527"]
[EventDate "2010.04.21"]
[PlyCount "79"]

1.c4 Nf6 2.Nc3 d5 3.cxd5 Nxd5 4.g3 g6 5.Bg2 Nxc3 6.bxc3 Bg7 7.Rb1 Nd7 8.
Nf3 O-O 9.O-O c5 10.c4 Qc7 11.d3 Rb8 12.Qa4 b6 13.Bf4 e5 14.Bd2 Bb7 15.Ne1
Bxg2 16.Nxg2 f5 17.e4 Nf6 18.Qc2 Qd7 19.Bc3 Rbe8 20.f3 Qe6 21.Ne3 Rf7 22.
Nd5 Ref8 23.Kg2 h5 24.Rbe1 Nd7 25.Qa4 h4 26.gxh4 Bf6 27.exf5 gxf5 28.f4 e4
29.Qc2 Bxc3 30.Qxc3 Rg7+ 31.Kh1 Rff7 32.dxe4 fxe4 33.Qe3 Qg4 34.Qxe4 Qxh4 
35.Rg1 Nf8 36.Rxg7+ Kxg7 37.Rg1+ Kh8 38.Qe5+ Kh7 39.Rg5 Kh6 40.Nf6 1-0

[Event "8th Asia-ch"]
[Site "Subic Bay Free Port PHI"]
[Date "2010.04.26"]
[Round "6"]
[White "Sharavdorj, Dashzeveg"]
[Black "Khamrakulov, Dzhurabek"]
[Result "0-1"]
[WhiteElo "2443"]
[BlackElo "2509"]
[EventDate "2010.04.21"]
[PlyCount "80"]

1.d4 d5 2.Nf3 Nf6 3.c4 dxc4 4.e3 e6 5.Bxc4 a6 6.O-O c5 7.Bb3 Nc6 8.Nc3 Be7
9.Qe2 Qc7 10.Bd2 O-O 11.dxc5 Bxc5 12.Rac1 Ba7 13.e4 Ng4 14.g3 Nge5 15.Bf4 
Nxf3+ 16.Qxf3 Qe7 17.e5 Nd4 18.Qd1 b5 19.Ne4 Bb7 20.Re1 Nxb3 21.Qxb3 Bxe4 
22.Rxe4 Rac8 23.Rce1 Rfd8 24.h4 h6 25.Be3 Bxe3 26.R4xe3 Rd2 27.Rd3 Rd8 28.
Rxd2 Rxd2 29.Qc3 Qd7 30.a3 Qd5 31.Re3 g6 32.Rf3 Re2 33.Re3 Qd1+ 34.Kg2 Rc2
35.Rd3 Qe2 36.Qd4 Rc1 37.Qd8+ Kh7 38.Rd7 Qe4+ 39.f3 Qe2+ 40.Kh3 Qxf3 0-1

[Event "8th Asia-ch"]
[Site "Subic Bay Free Port PHI"]
[Date "2010.04.26"]
[Round "6"]
[White "Macala, Allan"]
[Black "Sethuraman, Panayapan"]
[Result "0-1"]
[WhiteElo "2283"]
[BlackElo "2493"]
[EventDate "2010.04.21"]
[PlyCount "59"]

1.d4 Nf6 2.Nf3 d5 3.c4 e6 4.e3 a6 5.cxd5 exd5 6.Nc3 b6 7.Be2 Bb7 8.O-O 
Nbd7 9.b3 Bd6 10.Bb2 O-O 11.Rc1 Qe7 12.Nh4 Qe6 13.Nf3 Ne4 14.Qc2 f5 15.Ne5
Nxe5 16.Nxe4 Nf3+ 17.gxf3 fxe4 18.f4 Qh3 19.f3 g5 20.Rf2 gxf4 21.Bf1 Qf5 
22.fxe4 dxe4 23.Rg2+ Kf7 24.Bc4+ Bd5 25.exf4 Rg8 26.Bxd5+ Qxd5 27.Qc4 
Rxg2+ 28.Kxg2 Rg8+ 29.Kh3 Qxc4 30.bxc4 0-1

[Event "8th Asia-ch"]
[Site "Subic Bay Free Port PHI"]
[Date "2010.04.26"]
[Round "6"]
[White "Nguyen Ngoc Truong Son"]
[Black "Neelotpal, Das"]
[Result "1-0"]
[WhiteElo "2642"]
[BlackElo "2445"]
[EventDate "2010.04.21"]
[PlyCount "85"]

1.d4 Nf6 2.c4 e6 3.Nf3 Bb4+ 4.Bd2 c5 5.e3 O-O 6.Be2 Bxd2+ 7.Nbxd2 d6 8.Nb1
Qb6 9.b3 cxd4 10.Qxd4 Qa5+ 11.Qc3 Qc7 12.O-O Nc6 13.Qb2 d5 14.cxd5 Nxd5 
15.Nc3 Nxc3 16.Qxc3 Qe7 17.Rfd1 a6 18.Ne5 Nxe5 19.Qxe5 f6 20.Qa5 b5 21.
Rac1 Ra7 22.Qb6 e5 23.h3 Rd7 24.Rxd7 Qxd7 25.Bf3 Qd8 26.Qa7 Kh8 27.Rd1 Qe8
28.Qc5 Be6 29.Bb7 Bc8 30.Bc6 Qf7 31.Bd5 Qe8 32.b4 g6 33.Bb3 Kg7 34.Qc7+ 
Kh6 35.Rd8 e4 36.Rd4 f5 37.Kh2 Be6 38.Bxe6 Qxe6 39.Rd7 Rh8 40.h4 Kh5 41.
g4+ Kxh4 42.Qg3+ Kg5 43.gxf5+ 1-0

[Event "8th Asia-ch"]
[Site "Subic Bay Free Port PHI"]
[Date "2010.04.26"]
[Round "6"]
[White "Barbosa, Oliver"]
[Black "Djao Thien Hai"]
[Result "1/2-1/2"]
[WhiteElo "2452"]
[BlackElo "2523"]
[EventDate "2010.04.21"]
[PlyCount "60"]

1.d4 d5 2.Nf3 Nf6 3.c4 c6 4.cxd5 cxd5 5.Nc3 Nc6 6.Bf4 a6 7.e3 Bf5 8.Bd3 
Bxd3 9.Qxd3 e6 10.a3 Bd6 11.Bxd6 Qxd6 12.O-O O-O 13.Rfc1 Rfc8 14.h3 h6 15.
Na4 Nd7 16.Nc5 Nxc5 17.Rxc5 Ne7 18.Rac1 Rxc5 19.Rxc5 Rc8 20.Rxc8+ Nxc8 21.
Qc2 Ne7 22.Ne5 f6 23.Nd3 b6 24.g3 Qc6 25.Qxc6 Nxc6 26.Kf1 Kf7 27.Ke2 Ke7 
28.h4 g5 29.hxg5 hxg5 30.g4 Kd6 1/2-1/2

[Event "8th Asia-ch"]
[Site "Subic Bay Free Port PHI"]
[Date "2010.04.26"]
[Round "6"]
[White "Xiu Deshun"]
[Black "Lou Yiping"]
[Result "1-0"]
[WhiteElo "2493"]
[BlackElo "2429"]
[EventDate "2010.04.21"]
[PlyCount "61"]

1.Nf3 Nf6 2.c4 c5 3.Nc3 Nc6 4.g3 g6 5.Bg2 d6 6.d4 cxd4 7.Nxd4 Bd7 8.Nxc6 
bxc6 9.c5 d5 10.e4 dxe4 11.Nxe4 Bg7 12.Nxf6+ Bxf6 13.Qa4 O-O 14.O-O Qc8 
15.Bh6 Rd8 16.Rad1 Bxb2 17.Rd2 Bf6 18.Rfd1 e5 19.Rd6 Be7 20.Qe4 Bxd6 21.
Rxd6 Re8 22.Qh4 Qd8 23.Rxd7 Qxh4 24.gxh4 e4 25.Rc7 Rec8 26.Re7 Re8 27.Rxe4
Rxe4 28.Bxe4 Re8 29.f3 f5 30.Bxc6 Re5 31.Ba4 1-0

[Event "8th Asia-ch"]
[Site "Subic Bay Free Port PHI"]
[Date "2010.04.26"]
[Round "6"]
[White "Salem, A. R. Saleh"]
[Black "Pascua, Haridas"]
[Result "1-0"]
[WhiteElo "2483"]
[BlackElo "2358"]
[EventDate "2010.04.21"]
[PlyCount "57"]

1.d4 Nf6 2.c4 g6 3.Nc3 Bg7 4.e4 d6 5.f3 O-O 6.Be3 c5 7.Nge2 Nc6 8.d5 Ne5 
9.Ng3 e6 10.Be2 exd5 11.cxd5 a6 12.a4 h5 13.O-O b6 14.Qd2 Kh7 15.Bg5 Qc7 
16.f4 Ned7 17.e5 dxe5 18.d6 Qa7 19.fxe5 Ng8 20.Be7 Nxe7 21.dxe7 Re8 22.e6 
fxe6 23.Rf7 Nf6 24.Nce4 Nxe4 25.Nxe4 Kg8 26.Qg5 Bd4+ 27.Kh1 Kxf7 28.Bxh5 
Rg8 29.Nd6+ 1-0

[Event "8th Asia-ch"]
[Site "Subic Bay Free Port PHI"]
[Date "2010.04.26"]
[Round "6"]
[White "Bui Vinh"]
[Black "Wang Chen"]
[Result "1/2-1/2"]
[WhiteElo "2480"]
[BlackElo "2390"]
[EventDate "2010.04.21"]
[PlyCount "86"]

1.d4 d5 2.Bg5 h6 3.Bh4 Bf5 4.e3 c6 5.Bd3 Bxd3 6.Qxd3 Nd7 7.Nf3 Ngf6 8.O-O 
e6 9.c4 Be7 10.Nc3 O-O 11.Rfd1 dxc4 12.Qxc4 Nd5 13.Bg3 N7f6 14.Qd3 Bd6 15.
e4 Nxc3 16.bxc3 Bxg3 17.hxg3 Qa5 18.e5 Nd5 19.c4 Ne7 20.Rab1 b6 21.g4 Rfd8
22.Rb3 b5 23.cxb5 cxb5 24.Rxb5 Qxa2 25.g5 h5 26.Rb7 Nf5 27.Rd2 Qd5 28.Qa6 
g6 29.Rc7 h4 30.Qb7 Qxb7 31.Rxb7 a5 32.Rb3 Rd5 33.Ra3 Rb8 34.Ra4 Rb1+ 35.
Kh2 Rb4 36.Rda2 Rxa4 37.Rxa4 Kf8 38.Kg1 Ke7 39.Kf1 Kd7 40.Ke2 Kc6 41.Kd3 
Kb5 42.Rc4 Rd7 43.Nd2 Kb6 1/2-1/2

[Event "8th Asia-ch"]
[Site "Subic Bay Free Port PHI"]
[Date "2010.04.26"]
[Round "6"]
[White "Darini, Pouria"]
[Black "Bitoon, Richard"]
[Result "1-0"]
[WhiteElo "2398"]
[BlackElo "2476"]
[EventDate "2010.04.21"]
[PlyCount "50"]

1.e4 c5 2.Nf3 Nc6 3.d4 cxd4 4.Nxd4 Qb6 5.Nb3 Nf6 6.Nc3 e6 7.Be3 Qc7 8.f4 
d6 9.Be2 a6 10.a4 b6 11.O-O Be7 12.Bf3 O-O 13.g4 Rb8 14.Qe2 Nd7 15.g5 Re8 
16.h4 Nc5 17.Nd4 Bb7 18.Qg2 Nxd4 19.Bxd4 e5 20.Be3 d5 21.exd5 exf4 22.Bd4 
Bd6 23.Rfd1 Be7 24.Kh1 Rbd8 25.Bxc5 bxc5 1-0

[Event "8th Asia-ch"]
[Site "Subic Bay Free Port PHI"]
[Date "2010.04.26"]
[Round "6"]
[White "Nguyen Anh Dung"]
[Black "Garcia, Jan Emmanuel"]
[Result "1/2-1/2"]
[WhiteElo "2464"]
[BlackElo "2315"]
[EventDate "2010.04.21"]
[PlyCount "124"]

1.e4 d6 2.d4 Nf6 3.Nc3 g6 4.Be3 c6 5.Nf3 Qc7 6.e5 Nd5 7.Nxd5 cxd5 8.Qd2 
Bg7 9.Bf4 dxe5 10.Bxe5 Bxe5 11.Nxe5 Nc6 12.Bb5 f6 13.Bxc6+ bxc6 14.Nd3 O-O
15.Nc5 e5 16.O-O-O Bf5 17.Rhe1 Rae8 18.h3 e4 19.b3 Bc8 20.Kb2 Kg7 21.a4 
Qh2 22.g3 g5 23.h4 Bg4 24.Rh1 Qg2 25.Rdg1 e3 26.Qa5 Qxf2 27.hxg5 fxg5 28.
Qc7+ Qf7 29.Qxc6 Qf6 30.Qxd5 Bf3 31.Qc4 Bxh1 32.Rxh1 e2 33.Nd3 Qf3 34.Re1 
Qxg3 35.d5 Rf1 36.Qc3+ Kg8 37.Qc6 Qe3 38.d6 Rxe1 39.Nxe1 Qd4+ 40.Ka2 Rd8 
41.Qb5 Qd2 42.Kb2 Rxd6 43.Qe8+ Kg7 44.Qe7+ Kg6 45.Qe8+ Kf5 46.Qf7+ Rf6 47.
Qxh7+ Kg4 48.Qe4+ Rf4 49.Qg2+ Kh5 50.Qh3+ Kg6 51.Qe6+ Rf6 52.Qe8+ Kg7 53.
Qe7+ Kg6 54.Qe8+ Kf5 55.Nd3 e1=Q 56.Nxe1 Qd4+ 57.Ka2 Qe4 58.Qd7+ Kg6 59.
Nd3 g4 60.Qc7 Kh5 61.Qxa7 g3 62.Qg1 g2 1/2-1/2

[Event "8th Asia-ch"]
[Site "Subic Bay Free Port PHI"]
[Date "2010.04.26"]
[Round "6"]
[White "Chan Wei Xuan, Timothy"]
[Black "Dableo, Ronald"]
[Result "0-1"]
[WhiteElo "2341"]
[BlackElo "2464"]
[EventDate "2010.04.21"]
[PlyCount "130"]

1.e4 e6 2.d4 d5 3.Nd2 dxe4 4.Nxe4 Bd7 5.Nf3 Bc6 6.Bd3 Nd7 7.O-O Ngf6 8.Ng3
Be7 9.Re1 Bxf3 10.Qxf3 c6 11.b3 Qa5 12.Bb2 Ba3 13.Bxa3 Qxa3 14.Nf5 O-O 15.
Ne3 Rfd8 16.Nc4 Qe7 17.c3 Rac8 18.b4 Nb6 19.Ne5 Nbd5 20.Bc2 g6 21.Bb3 Kg7 
22.Nc4 Ne8 23.a4 Nd6 24.Nxd6 Rxd6 25.a5 Qf6 26.Qg3 Rd7 27.h3 h5 28.Re4 h4 
29.Qd3 Qf5 30.Rae1 Nf6 31.R4e3 Qxd3 32.Rxd3 c5 33.bxc5 Rxc5 34.Ra1 Rc8 35.
Ra4 Ne4 36.Re3 Rxc3 37.Rxe4 Rxb3 38.Rxh4 Rb1+ 39.Kh2 Rb5 40.Re4 Rdd5 41.
Re5 Kf6 42.f4 Ke7 43.Rxd5 exd5 44.g4 Rb3 45.Kg2 Kf6 46.Ra2 a6 47.Rc2 g5 
48.f5 Rb4 49.Rc7 Rxd4 50.Rxb7 Rd2+ 51.Kf1 Rd1+ 52.Ke2 Rh1 53.Ke3 Rxh3+ 54.
Kd4 Rg3 55.Rb6+ Kg7 56.Rxa6 Rxg4+ 57.Kxd5 Ra4 58.Ke5 f6+ 59.Kd5 g4 60.Ra7+
Kh6 61.Rf7 Kg5 62.Ke6 Rxa5 63.Rg7+ Kf4 64.Kxf6 Rxf5+ 65.Ke6 Ra5 0-1

[Event "8th Asia-ch"]
[Site "Subic Bay Free Port PHI"]
[Date "2010.04.26"]
[Round "6"]
[White "Lu Shanglei"]
[Black "Torre, Eugenio"]
[Result "1/2-1/2"]
[WhiteElo "2340"]
[BlackElo "2506"]
[EventDate "2010.04.21"]
[PlyCount "108"]

1.d4 Nf6 2.c4 e6 3.Nf3 Bb4+ 4.Nbd2 b6 5.a3 Bxd2+ 6.Bxd2 Bb7 7.g3 d6 8.Bg2 
Nbd7 9.O-O O-O 10.Qc2 Be4 11.Qc1 Qc8 12.Bc3 Qb7 13.Qf4 Rfe8 14.Bh3 Bxf3 
15.exf3 d5 16.b3 Qc6 17.Rac1 dxc4 18.bxc4 Qxc4 19.Bb4 Qb5 20.Qxc7 Nd5 21.
Qc6 Qxc6 22.Rxc6 a5 23.Bd6 Rac8 24.Rfc1 Rxc6 25.Rxc6 Rd8 26.f4 Nb8 27.Rc1 
g6 28.Be5 Nd7 29.Bf1 f6 30.Bd6 Nb8 31.Bxb8 Rxb8 32.Rc6 Kf7 33.a4 Rb7 34.
Rc8 Rc7 35.Rh8 h5 36.Rh7+ Kg8 37.Rxc7 Nxc7 38.Kg2 Kf7 39.Kf3 f5 40.Ke3 Ke7
41.Kd2 Kd6 42.Kc2 Kc6 43.Bg2+ Nd5 44.Kb3 b5 45.axb5+ Kxb5 46.Bf1+ Kb6 47.
Bc4 Kc6 48.h4 Kd6 49.Bb5 Nf6 50.f3 Kc7 51.Kc4 Nd7 52.Kb3 Nf6 53.Kc4 Nd7 
54.Kb3 Nf6 1/2-1/2

[Event "8th Asia-ch"]
[Site "Subic Bay Free Port PHI"]
[Date "2010.04.26"]
[Round "6"]
[White "Senador, Emmanuel"]
[Black "Wen Yang"]
[Result "1/2-1/2"]
[WhiteElo "2401"]
[BlackElo "2520"]
[EventDate "2010.04.21"]
[PlyCount "50"]

1.e4 c5 2.d4 cxd4 3.c3 Nf6 4.e5 Nd5 5.cxd4 Nc6 6.Nf3 d6 7.Bc4 e6 8.O-O Be7
9.Qe2 O-O 10.Nc3 Nxc3 11.bxc3 Bd7 12.Bd3 d5 13.h4 f5 14.exf6 gxf6 15.Bf4 
Bc8 16.Rab1 Na5 17.Ne5 fxe5 18.Bxh7+ Kxh7 19.Qh5+ Kg8 20.Qg6+ Kh8 21.Qh6+ 
Kg8 22.Qg6+ Kh8 23.Qh6+ Kg8 24.Qg6+ Kh8 25.Qh6+ Kg8 1/2-1/2

[Event "8th Asia-ch"]
[Site "Subic Bay Free Port PHI"]
[Date "2010.04.26"]
[Round "6"]
[White "Gao Rui"]
[Black "Ginting, Nasib"]
[Result "1-0"]
[WhiteElo "2464"]
[BlackElo "2397"]
[EventDate "2010.04.21"]
[PlyCount "63"]

1.e4 c5 2.Nf3 d6 3.d4 cxd4 4.Nxd4 Nf6 5.Nc3 Nc6 6.Bg5 e6 7.Qd2 Be7 8.O-O-O
Nxd4 9.Qxd4 O-O 10.f3 a6 11.h4 b5 12.Kb1 Bb7 13.g4 Rc8 14.Bd3 Nd7 15.Be2 
Rc6 16.Bxe7 Qxe7 17.g5 Rfc8 18.Rhg1 Nb6 19.Qb4 Rc5 20.h5 d5 21.g6 fxg6 22.
hxg6 h6 23.e5 Qc7 24.f4 Nc4 25.Bg4 Qe7 26.Rg3 R8c7 27.Ne2 a5 28.Qb3 b4 29.
Nd4 Bc8 30.Qf3 a4 31.Qh1 Na5 32.Qh3 1-0

[Event "8th Asia-ch"]
[Site "Subic Bay Free Port PHI"]
[Date "2010.04.26"]
[Round "6"]
[White "Battulga, Namhai"]
[Black "Dimakiling, Oliver"]
[Result "1-0"]
[WhiteElo "2357"]
[BlackElo "2441"]
[EventDate "2010.04.21"]
[PlyCount "65"]

1.e4 d6 2.d4 g6 3.f4 a6 4.Nf3 Bg7 5.c3 b5 6.Bd3 c5 7.dxc5 dxc5 8.Qe2 Qc7 
9.O-O Nd7 10.a4 c4 11.Bc2 Rb8 12.axb5 axb5 13.Be3 Ngf6 14.Bd4 O-O 15.e5 
Nd5 16.f5 Bb7 17.Nbd2 Ra8 18.Rxa8 Bxa8 19.Ra1 Bc6 20.Re1 Qb7 21.Qf2 b4 22.
Qh4 bxc3 23.bxc3 Qb2 24.Be4 Qa2 25.Bb1 Qa5 26.Ng5 h6 27.fxg6 fxg6 28.Ne6 
Rb8 29.Nxg7 Nxc3 30.Nf5 Nxb1 31.Nxe7+ Kh7 32.Nxc6 Qxd2 33.Nxb8 1-0

[Event "8th Asia-ch"]
[Site "Subic Bay Free Port PHI"]
[Date "2010.04.26"]
[Round "6"]
[White "Goh Weiming"]
[Black "Lumancas, Lyndon"]
[Result "1-0"]
[WhiteElo "2426"]
[BlackElo "2289"]
[EventDate "2010.04.21"]
[PlyCount "34"]

1.e4 c5 2.Nf3 d6 3.d4 cxd4 4.Nxd4 Nf6 5.Nc3 a6 6.Bg5 e6 7.f4 Bd7 8.Qd2 h6 
9.Bxf6 Qxf6 10.O-O-O Nc6 11.Nf3 O-O-O 12.Qe3 g5 13.g3 gxf4 14.Qb6 Nb8 15.
e5 dxe5 16.Nd5 exd5 17.Qxf6 Bc5 1-0

[Event "8th Asia-ch"]
[Site "Subic Bay Free Port PHI"]
[Date "2010.04.26"]
[Round "6"]
[White "Florendo, Paulo James"]
[Black "Duong The Anh"]
[Result "0-1"]
[WhiteElo "2262"]
[BlackElo "2425"]
[EventDate "2010.04.21"]
[PlyCount "66"]

1.c4 b6 2.Nc3 Bb7 3.e4 e6 4.d4 Bb4 5.Bd3 f5 6.Qe2 Nf6 7.Bg5 fxe4 8.Bxf6 
exd3 9.Qh5+ g6 10.Qg5 Be7 11.Bxe7 Qxe7 12.Qxe7+ Kxe7 13.Kf1 Nc6 14.Nf3 Nb4
15.Rd1 Bxf3 16.gxf3 Rhf8 17.a3 Nc6 18.Rxd3 Na5 19.c5 bxc5 20.dxc5 Rab8 21.
b4 Nc4 22.Kg2 Nxa3 23.Nd5+ exd5 24.Rxa3 Rxb4 25.Rxa7 Rc8 26.Re1+ Kf6 27.
Kg3 Rc4 28.Ra5 g5 29.Rd1 c6 30.Re1 Rf8 31.Re3 Rf7 32.Rb3 h5 33.Re3 Re7 0-1

[Event "8th Asia-ch"]
[Site "Subic Bay Free Port PHI"]
[Date "2010.04.26"]
[Round "6"]
[White "Yee Soon Wei"]
[Black "Nolte, Rolando"]
[Result "0-1"]
[WhiteElo "2209"]
[BlackElo "2420"]
[EventDate "2010.04.21"]
[PlyCount "58"]

1.e4 c5 2.Nf3 d6 3.d4 cxd4 4.Nxd4 Nf6 5.Nc3 a6 6.Bg5 e6 7.f4 Qc7 8.Qf3 b5 
9.O-O-O b4 10.Nd5 exd5 11.Bxf6 gxf6 12.exd5 Bg7 13.Bd3 f5 14.Rhe1+ Kf8 15.
Qe3 Qd8 16.Bxf5 Bxf5 17.Nxf5 a5 18.Rd3 Na6 19.Nxg7 Kxg7 20.Qd4+ f6 21.f5 
Rf8 22.Rh3 Rf7 23.Ree3 Kh8 24.g4 Qc7 25.Rh6 Qc5 26.Qe4 Nc7 27.g5 Re8 28.
Qxe8+ Nxe8 29.Rxe8+ Kg7 0-1

[Event "8th Asia-ch"]
[Site "Subic Bay Free Port PHI"]
[Date "2010.04.26"]
[Round "6"]
[White "Padmini, Rout"]
[Black "Habla, Jony"]
[Result "0-1"]
[WhiteElo "2319"]
[BlackElo "2316"]
[EventDate "2010.04.21"]
[PlyCount "48"]

1.e4 e6 2.d4 d5 3.Nc3 Nf6 4.Bg5 Bb4 5.e5 h6 6.Bd2 Bxc3 7.bxc3 Ne4 8.Qg4 g6
9.Bd3 Nxd2 10.Kxd2 c5 11.h4 c4 12.Be2 Nc6 13.h5 g5 14.Re1 Qa5 15.a4 Bd7 
16.f4 Nxd4 17.fxg5 Nf5 18.Nf3 d4 19.Nxd4 Rd8 20.Nxf5 exf5 21.Qh3 Bxa4+ 22.
Kc1 Bb3 23.Bd3 Rxd3 24.cxd3 Qxc3+ 0-1

[Event "8th Asia-ch"]
[Site "Subic Bay Free Port PHI"]
[Date "2010.04.26"]
[Round "6"]
[White "Segarra, Randy"]
[Black "Al-Sayed, Mohamad Naser"]
[Result "0-1"]
[WhiteElo "2298"]
[BlackElo "2503"]
[EventDate "2010.04.21"]
[PlyCount "104"]

1.e4 c5 2.Nf3 d6 3.d4 cxd4 4.Nxd4 Nf6 5.Nc3 a6 6.Bg5 Nbd7 7.Bc4 e6 8.Qd2 
Be7 9.O-O-O Nc5 10.Rhe1 Qc7 11.f4 h6 12.Bh4 Nfxe4 13.Nxe4 Bxh4 14.g3 Be7 
15.Kb1 O-O 16.g4 Nb3 17.Bxb3 d5 18.Nc3 Bb4 19.h4 a5 20.g5 h5 21.g6 fxg6 
22.Nxe6 Bxe6 23.Rxe6 Bxc3 24.bxc3 Qxf4 25.Qxd5 Kh7 26.Rg1 Rf6 27.Rxf6 Qxf6
28.Qxb7 Re8 29.Qg2 Re3 30.Qg5 Rxc3 31.Qxa5 Rc6 32.Re1 Qf2 33.Rc1 Qxh4 34.
Qe5 Qf2 35.Kb2 h4 36.Qe4 Qf6+ 37.c3 Re6 38.Qg4 Re3 39.Rc2 Rg3 40.Qe4 Rf3 
41.Qg4 Rf4 42.Qg1 g5 43.Qe1 g4 44.Re2 g3 45.Re6 Rf2+ 46.Ka3 Qf8+ 47.Ka4 
Rf4+ 48.c4 g2 49.Qe3 Qa8+ 50.Kb4 Qb7+ 51.Ka5 Qf3 52.Qb6 Qf2 0-1

[Event "8th Asia-ch"]
[Site "Subic Bay Free Port PHI"]
[Date "2010.04.26"]
[Round "6"]
[White "Legaspi, Rhobel"]
[Black "Datu, Alcon John"]
[Result "1/2-1/2"]
[WhiteElo "2314"]
[BlackElo "2220"]
[EventDate "2010.04.21"]
[PlyCount "31"]

1.e4 Nf6 2.Nc3 d5 3.e5 d4 4.exf6 dxc3 5.fxg7 cxd2+ 6.Qxd2 Qxd2+ 7.Bxd2 
Bxg7 8.O-O-O Bf5 9.Nf3 Nd7 10.Be3 a6 11.Bc4 e6 12.Rhe1 O-O-O 13.Bd4 Bh6+ 
14.Be3 Bg7 15.Bd4 Bh6+ 16.Be3 1/2-1/2

[Event "8th Asia-ch"]
[Site "Subic Bay Free Port PHI"]
[Date "2010.04.26"]
[Round "6"]
[White "Lu Yijie"]
[Black "Causo, Deniel"]
[Result "1-0"]
[WhiteElo "2349"]
[BlackElo "2302"]
[EventDate "2010.04.21"]
[PlyCount "112"]

1.e4 d5 2.exd5 Nf6 3.d4 Nxd5 4.c4 Nb6 5.Nc3 e5 6.d5 Bb4 7.Qb3 Na6 8.Be3 
O-O 9.O-O-O Qe7 10.Ne4 Bf5 11.f3 Nc5 12.Qc2 Nxe4 13.fxe4 Bg6 14.Bd3 Nd7 
15.Ne2 c6 16.Nc3 Nc5 17.Kb1 Nxd3 18.Qxd3 Bxc3 19.d6 Qe6 20.Qxc3 Bxe4+ 21.
Ka1 Rfd8 22.c5 Bd5 23.b3 b5 24.Qa5 Rd7 25.Rd2 f5 26.Re1 Qf6 27.g3 Rf7 28.
Qc3 Qe6 29.Bf4 e4 30.h4 a5 31.Qe5 Qxe5+ 32.Bxe5 Be6 33.Kb2 b4 34.Rd4 h5 
35.Red1 Rd7 36.Bf4 Kf7 37.Ra1 Rb8 38.Bd2 Rb5 39.Rc1 Ra7 40.Rc2 Ke8 41.Rc1 
Kd7 42.Rc2 Ra8 43.Rc1 Re8 44.Be3 Bf7 45.Rd2 Ra8 46.Rd4 a4 47.Bd2 axb3 48.
axb3 Ra3 49.Rxb4 Rxb4 50.Kxa3 Rxb3+ 51.Ka4 e3 52.Be1 Rb2 53.Rc3 Re2 54.Rc1
Bc4 55.Ra1 Ke6 56.Bc3 Rc2 1-0

[Event "8th Asia-ch"]
[Site "Subic Bay Free Port PHI"]
[Date "2010.04.26"]
[Round "6"]
[White "Galvan, Jesus"]
[Black "Olay, Edgar Reggie"]
[Result "0-1"]
[WhiteElo "2230"]
[BlackElo "2304"]
[EventDate "2010.04.21"]
[PlyCount "74"]

1.d4 d5 2.Nf3 c6 3.e3 Nf6 4.h3 g6 5.Bd3 Bg7 6.O-O O-O 7.c3 Nbd7 8.Nbd2 Re8
9.e4 dxe4 10.Nxe4 Nxe4 11.Bxe4 Qc7 12.Bg5 Nf6 13.Bd3 Be6 14.Qd2 c5 15.Bh6 
Bd5 16.Bxg7 Kxg7 17.Ne5 cxd4 18.cxd4 Qb6 19.Qe3 Qxb2 20.Rfb1 Qa3 21.f4 
Rac8 22.f5 Rc3 23.fxg6 hxg6 24.Rf1 Be4 25.Rad1 Qxa2 26.Rf2 Qb3 27.Rff1 Rc2
28.Rd2 Rxd2 29.Qxd2 Bxd3 30.Nxd3 Rd8 31.Ne5 Qd5 32.Rd1 a5 33.g4 Qb3 34.Kg2
Rc8 35.Rc1 Ne4 36.Qd3 Qb2+ 37.Kf3 Ng5+ 0-1